| 000 | 00574nam a2200169Ia 4500 | ||
|---|---|---|---|
| 003 | GCL | ||
| 008 | 140319s9999 xx 000 0 ara d | ||
| 040 |
_aGCL / _cGCL |
||
| 082 | 0 | 4 |
_aق _b394.2684 _bهـ ن |
| 100 | 1 | _aالهيئة العامة لقصور الثقافة | |
| 245 | 1 | 0 |
_aنصر اكتوبر المجيد : برنامج الاحتفالات 89 / _cالهيئة العامة لقصور الثقافة |
| 490 | _a | ||
| 650 | 0 | 4 | _aالاحتفالات العامة |
| 650 | 0 | 4 | _aمصر - الثقافة |
| 650 | 0 | 4 | _aحرب اكتوبر 1973 |
| 942 |
_2ddc _cBK |
||
| 999 |
_c46290 _d46290 |
||